Digital image processing (E-BOOK) (Record no. 217262)
[ view plain ]
| 000 -LEADER | |
|---|---|
| fixed length control field | 00685 a2200217 4500 |
| 003 - CONTROL NUMBER IDENTIFIER | |
| control field | Nust |
| 005 - DATE AND TIME OF LATEST TRANSACTION | |
| control field | 20170207171536.0 |
| 010 ## - LIBRARY OF CONGRESS CONTROL NUMBER | |
| LC control number | 2009289249 |
| 020 ## - INTERNATIONAL STANDARD BOOK NUMBER | |
| International Standard Book Number | 013168728X |
| 020 ## - INTERNATIONAL STANDARD BOOK NUMBER | |
| International Standard Book Number | 9780131687288 |
| 040 ## - CATALOGING SOURCE | |
| Transcribing agency | Nust |
| 082 00 - DEWEY DECIMAL CLASSIFICATION NUMBER | |
| Classification number | 621.367 |
| 100 1# - MAIN ENTRY--PERSONAL NAME | |
| Personal name | Gonzalez, Rafael C. |
| 245 10 - TITLE STATEMENT | |
| Title | Digital image processing (E-BOOK) |
| Statement of responsibility, etc. | Rafael C. Gonzalez, Richard E. Woods. |
| 250 ## - EDITION STATEMENT | |
| Edition statement | 3rd ed. |
| 260 ## - PUBLICATION, DISTRIBUTION, ETC. | |
| Place of publication, distribution, etc. | Upper Saddle River, N.J. : |
| Name of publisher, distributor, etc. | Prentice Hall, |
| Date of publication, distribution, etc. | c2008. |
| 300 ## - PHYSICAL DESCRIPTION | |
| Extent | xxii, 954 p. : |
| Other physical details | ill. (some col.) ; |
| Dimensions | 25 cm. |
| 650 #0 - SUBJECT ADDED ENTRY--TOPICAL TERM | |
| Topical term or geographic name entry element | Image processing |
| General subdivision | Digital techniques. |
| 700 1# - ADDED ENTRY--PERSONAL NAME | |
| Personal name | Woods, Richard E. |
| Dates associated with a name | 1954- |
| 856 41 - ELECTRONIC LOCATION AND ACCESS | |
| Materials specified | Table of contents |
| Uniform Resource Identifier | <a href="http://www.loc.gov/catdir/toc/fy031/2002276271.html">http://www.loc.gov/catdir/toc/fy031/2002276271.html</a> |
| 942 ## - ADDED ENTRY ELEMENTS (KOHA) | |
| Source of classification or shelving scheme | |
| Koha item type | Book |
| Withdrawn status | Lost status | Source of classification or shelving scheme | Damaged status | Not for loan | Collection code | Permanent Location | Current Location | Date acquired | Total Checkouts | Full call number | Barcode | Date last seen | Price effective from | Koha item type |
|---|---|---|---|---|---|---|---|---|---|---|---|---|---|---|
| Military College of Signals (MCS) | Military College of Signals (MCS) | 12/12/2016 | 621.367 GON | MCSEB-3460 | 12/08/2016 | 12/12/2016 | Book |
